000 01478nam0a2200337 4500
001 RU\NLR\bibl\1823422
005 20260405233921.0
021 _aRU
_b2011-73324
_95206
035 _a(nilc)LIBNET\0000159860
035 _a(NLR Aleph) 001813964
090 _a1911362
_c1911362
100 _a20110907d2011 |||y0rusy50 ca
101 0 _arus
102 _aRU
105 _ay |||||||||
200 1 _aПорядок проведения первичного энергетического обследования. Подготовка программы по энергосбережению
_fВ. С. Малышев
210 _aМурманск
_c[б.и.]
_d2011
_eМурманск
_gЦНТИ
215 _a97, [1] с.
_d20
320 _aБиблиогр.: с 58 (6 назв.)
517 0 _aПодготовка программы по энергосбережению
606 1 _aЭнергетические ресурсы
_xЭкономия
_yРоссийская Федерация
_92132962
_3RU\NLR\auth\661286577
686 _a31.190.7
_vLBC/RL
_2rubbk
686 _aУ9(2)-554.081
700 1 _4070
_8rus
_7ca
_aМалышев
_bВ. С.
_cканд. техн. наук
_gВладимир Сергеевич
_3RU\NLR\auth\77107601
_990526
801 0 _aRU
_bМурманская ГОУНБ
_c20110907
_grcr
801 1 _aRU
_bМурманская ГОУНБ
_c20110907
801 2 _aRU
_bNLR
_c20111020
_grcr
942 _cBOOK
980 _aNB
980 _aNBR